000 00424nam a22001697a 4500
003 NUST - PNEC
005 20170116181105.0
008 151003b xxu||||| |||| 00| 0 eng d
020 _a-
040 _cLIBRARY
082 _a822.33 SHA
100 _912603
_aShakespeare, William
245 _aJulius Caesar
_cWilliam Shakespeare
260 _cc.1966
650 _912607
_aCaesar, Julius
_xGeneral books
942 _2ddc
_cBK
999 _c68910
_d68910